Труды Терского Отделения Императорского Русского Технического О-ва за 1911 год; Вып. 1; Освещение денатурализованным спиртом и керосином; О некоторых производных нафтеновых кислот; Новые воззрения в области химии и координационная теория Вернера; Ректификационный аппарат И. Я. Пономарева, предназначенный преимущественно для ректификации бензинов; Работа по закрытию воды в скважинах на Грозненских нефтяных промыслах; Данные по устройству центральной трубной ремонта дымогарных труб при Тихорецких мастерских Владик. жел. дор. Первый цикл всех работ по ремонту дымогарных труб; Одновременное разрушение 9 крыш резервуаров-хранилищ; Грозненская нефтепромышленность. Очерк за 1910 год; Технический обзор; Библиография; Деятельность Отделения
| 要約: | Текст в русской дореформенной орфографии |
|---|---|
| 言語: | ロシア語 |
| 出版事項: |
Грозный, Типография Я. Н. Орлова, 1911
|
| TOC: | Освещение денатурализованным спиртом и керосином; О некоторых производных нафтеновых кислот; К. В. Харичков, Новые воззрения в области химии и координационная теория Вернера; С. А. Задохлин, Ректификационный аппарат И. Я. Пономарева, предназначенный преимущественно для ректификации бензинов; Э. К. Валлен, Работа по закрытию воды в скважинах на Грозненских нефтяных промыслах; Данные по устройству центральной трубной ремонта дымогарных труб при Тихорецких мастерских Владик. жел. дор. Первый цикл всех работ по ремонту дымогарных труб; С. И. Карташов, Одновременное разрушение 9 крыш резервуаров-хранилищ; А. А. Попелышко, Грозненская нефтепромышленность. Очерк за 1910 год; Технический обзор; Библиография; Деятельность Отделения; |
| 主題: | |
| フォーマット: | 図書 |
| KOHA link: | https://koha.lib.tpu.ru/cgi-bin/koha/opac-detail.pl?biblionumber=315393 |
MARC
| LEADER | 00000nam0a2200000 4500 | ||
|---|---|---|---|
| 001 | 315393 | ||
| 005 | 20231102002756.0 | ||
| 035 | |a (RuTPU)RU\TPU\book\340828 | ||
| 090 | |a 315393 | ||
| 100 | |a 20160301d1911 km y0rusy50 ca | ||
| 101 | 0 | |a rus | |
| 102 | |a RU | ||
| 105 | |a af z 000zy | ||
| 200 | 1 | |a Труды Терского Отделения Императорского Русского Технического О-ва за 1911 год |h Вып. 1 | |
| 210 | |a Грозный |c Типография Я. Н. Орлова |d 1911 | ||
| 215 | |a 139 с., [42] вкл. л. |c ил. | ||
| 300 | |a Текст в русской дореформенной орфографии | ||
| 316 | |5 63413507: М-132674 |a На титульном листе владельческая надпись: "Бутаков" | ||
| 317 | |5 63413507: М-132674 |a Поступила в НТБ в 1970 г. в составе книжного собрания профессора ТПИ И. Н. Бутакова | ||
| 464 | |t Освещение денатурализованным спиртом и керосином | ||
| 464 | |t О некоторых производных нафтеновых кислот | ||
| 464 | |t Новые воззрения в области химии и координационная теория Вернера |f К. В. Харичков | ||
| 464 | |t Ректификационный аппарат И. Я. Пономарева, предназначенный преимущественно для ректификации бензинов |f С. А. Задохлин | ||
| 464 | |t Работа по закрытию воды в скважинах на Грозненских нефтяных промыслах |f Э. К. Валлен | ||
| 464 | |t Данные по устройству центральной трубной ремонта дымогарных труб при Тихорецких мастерских Владик. жел. дор. Первый цикл всех работ по ремонту дымогарных труб | ||
| 464 | |t Одновременное разрушение 9 крыш резервуаров-хранилищ |f С. И. Карташов | ||
| 464 | |t Грозненская нефтепромышленность. Очерк за 1910 год |f А. А. Попелышко | ||
| 464 | |t Технический обзор | ||
| 464 | |t Библиография | ||
| 464 | |t Деятельность Отделения |a Задохлин, С. А. | ||
| 606 | 1 | |a Инженерное дело |2 stltpush |3 (RuTPU)RU\TPU\subj\12589 |9 39351 | |
| 610 | 1 | |a химия | |
| 610 | 1 | |a владельческая надпись | |
| 610 | 1 | |a дымогарные трубы | |
| 610 | 1 | |a освещение | |
| 610 | 1 | |a ректификация | |
| 610 | 1 | |a скважины | |
| 610 | 1 | |a ремонт | |
| 610 | 1 | |a нафтеновые кислоты | |
| 610 | 1 | |a нефтяная промышленность | |
| 610 | 1 | |a резервуары | |
| 610 | 1 | |a теплопроизводительность | |
| 610 | 1 | |a горючие материалы | |
| 610 | 1 | |a нефтяное топливо | |
| 610 | 1 | |a гидравлика | |
| 610 | 1 | |a библиотека И. Н. Бутакова | |
| 675 | |a 62 |v 4 | ||
| 801 | 1 | |a RU |b 63413507 |c 20160301 | |
| 801 | 2 | |a RU |b 63413507 |c 20190802 |g RCR | |
| 942 | |c BK | ||